ბათუმის შოთა რუსთაველის სახელმწიფო უნივერსიტეტის ბიბლიოთეკა

Культура речи русская грамматика (ბიბ.ჩანაწერი № 35669)

000 -LEADER
fixed length control field 00626nam a2200229Ia 4500
001 - CONTROL NUMBER
control field 1542
003 - CONTROL NUMBER IDENTIFIER
control field GE_BSU
008 - FIXED-LENGTH DATA ELEMENTS--GENERAL INFORMATION
fixed length control field 181216s||||||||xx |||||||||||||| ||und||
020 ## - INTERNATIONAL STANDARD BOOK NUMBER
International Standard Book Number 5160011366
040 ## - CATALOGING SOURCE
Transcribing agency GE_BSU
080 ## - UNIVERSAL DECIMAL CLASSIFICATION NUMBER
Universal Decimal Classification number 808.5=161.1
100 ## - MAIN ENTRY--PERSONAL NAME
Personal name Милославский,И.Г.
245 ## - TITLE STATEMENT
Title Культура речи русская грамматика
245 ## - TITLE STATEMENT
Remainder of title Курс лекции
260 ## - PUBLICATION, DISTRIBUTION, ETC.
Place of publication, distribution, etc. Москва
260 ## - PUBLICATION, DISTRIBUTION, ETC.
Name of publisher, distributor, etc. Ступени,Инфра-М
260 ## - PUBLICATION, DISTRIBUTION, ETC.
Date of publication, distribution, etc. 2002
300 ## - PHYSICAL DESCRIPTION
Extent 160стр.
653 ## - INDEX TERM--UNCONTROLLED
Uncontrolled term Культура речи русская грамматика
942 ## - ADDED ENTRY ELEMENTS (KOHA)
Koha item type წიგნი
ეგზემპლარები
Withdrawn status Lost status Damaged status Not for loan Date acquired Barcode Date last seen Price effective from Koha item type
        2018-12-17 1651 2018-12-17 2018-12-17 წიგნი